La revuelta de los suburbios franceses (Registro nro. 310713)

Detalles MARC
000 -ENCABEZADO
Número de control [NR] 01026nam a2200289Ma 4500
001 - NÚMERO DE CONTROL
control field on1026105130
005 - FECHA Y HORA DE LA ÚLTIMA TRANSACCIÓN
control field 20181102110735.0
008 - DE LONGITUD FIJA DE DATOS DE ELEMENTOS - INFORMACIÓN GENERAL
Elementos de longitud fija [NR] 181031s2007 ag 000 0 spa d
020 ## - NUMERO INTERNACIONAL NORMALIZADO PARA LIBROS [R]
Número Internacional Normalizado del libro [NR] 9789871238330
020 ## - NUMERO INTERNACIONAL NORMALIZADO PARA LIBROS [R]
Número Internacional Normalizado del libro [NR] 9871238339
035 ## - NUMERO DE CONTROL DEL SISTEMA [R]
Número de control del sistema [NR] (OCoLC)1026105130
040 ## - FUENTE DE CATALOGACION [NR]
Agencia de catalogación original [NR] Co-BoUCM
Idioma de catalogación [NR] spa
Quien Cataloga Saul Niño
Quien Clasifica Saul Niño
100 1# - ASIENTO PRINCIPAL--NOMBRE PERSONAL [NR]
Nombre personal [NR] Mauger, Gérard
ID Autoridad 94304
245 13 - MENCION DE TITULO [NR]
Título [NR] La revuelta de los suburbios franceses
Parte restante del título [NR] una sociología de la actualidad
Mención de responsabilidad, etc. [NR] Gérard Mauger
260 ## - PUBLICACION, DISTRIBUCION, ETC. (PIE DE IMPRENTA) [R]
Lugar de publicación, distribución, etc. [R] [Buenos Aires]
Nombre del editor, distribuidor, etc. [R] Antropofagia
Fecha de publicación, distribución, etc. [R] 2007
300 ## - DESCRIPCION FISICA [R]
Extensión [R] 126 páginas
650 #7 - ASIENTO SECUNDARIO DE MATERIA - TERMINO TEMATICO [R]
Término temático o nombre geográfico como elemento de entrada [NR] Barrios marginados
Subdivisión geográfica [R] Francia
9 (RLIN) 9952
650 #7 - ASIENTO SECUNDARIO DE MATERIA - TERMINO TEMATICO [R]
Término temático o nombre geográfico como elemento de entrada [NR] Jóvenes
Subdivisión general [R] Aspectos sociales
9 (RLIN) 18088
650 #7 - ASIENTO SECUNDARIO DE MATERIA - TERMINO TEMATICO [R]
Término temático o nombre geográfico como elemento de entrada [NR] Jóvenes
Subdivisión general [R] Aspectos políticos
9 (RLIN) 18088
650 #7 - ASIENTO SECUNDARIO DE MATERIA - TERMINO TEMATICO [R]
Término temático o nombre geográfico como elemento de entrada [NR] Jóvenes
Subdivisión general [R] Aspectos religiosos
9 (RLIN) 18088
650 #7 - ASIENTO SECUNDARIO DE MATERIA - TERMINO TEMATICO [R]
Término temático o nombre geográfico como elemento de entrada [NR] Insurgencia
Subdivisión geográfica [R] Francia
9 (RLIN) 17814
650 #7 - ASIENTO SECUNDARIO DE MATERIA - TERMINO TEMATICO [R]
Término temático o nombre geográfico como elemento de entrada [NR] Sociología
9 (RLIN) 386
651 #7 - ASIENTO SECUNDARIO DE MATERIA - NOMBRE GEOGRAFICO [R]
Nombre geográfico [NR] Francia
Subdivisión general [R] Relaciones raciales
9 (RLIN) 94305
651 #7 - ASIENTO SECUNDARIO DE MATERIA - NOMBRE GEOGRAFICO [R]
Nombre geográfico [NR] Francia
Subdivisión general [R] Condiciones sociales
9 (RLIN) 67990
942 ## - ELEMENTOS DE ENTRADA AGREGADOS (KOHA)
Sistema de clasificación DEWEY
Tema principal Sociología
Tipo de ítem principal el descrito en 300a Libro
Edición 1
Clasificación 305.23
Parte restante de la signatura top. M449r
Existencias
Fecha de último préstamo Total préstamos Signatura topográfica Código de barras Última vez visto Ejemplar Costo de reposición Price effective from Tipo de ítem Perdido Sistema de clasificación Dañado No prestable Tipo de ítem específico Suprimido Ubicación habitual Ubicación actual Localización Fecha de creación Proveedor Forma de adquisición Costo
02/11/2018 1 305.23 M449r 100158533 09/12/2025 Ej.1 39900.00 26/10/2018 Libro   DEWEY     Libro   Claustro Claustro 2do piso 26/10/2018 37 Compra 39900.00